LEADER 00852nam0-22003011i-450 001 990001764140403321 005 20190529131413.0 035 $a000176414 035 $aFED01000176414 035 $a(Aleph)000176414FED01 035 $a000176414 100 $a20030910f19..----km-y0itay50------ba 101 0 $aita 102 $aIT 200 1 $aAlterazioni causate dal freddo sulle foglie di patata$fRoberto Gigante 210 $aRoma$cStazione di Patologia Vegetale$d[19..] 215 $a13 p.$d24 cm 610 0 $aFitopatologia 610 0 $aPatate 676 $a581.2 700 1$aGigante,$bRoberto$073114 801 0$aIT$bUNINA$gRICA$2UNIMARC 901 $aLG 912 $a990001764140403321 952 $a60 OP. 51/23$b38140$fFAGBC 959 $aFAGBC 996 $aAlterazioni causate dal freddo sulle foglie di patata$9364392 997 $aUNINA LEADER 02132nam 22006255 450 001 9910962008103321 005 20250818151925.0 010 $a1-4426-6700-1 010 $a1-4426-8699-5 024 7 $a10.3138/9781442686991 035 $a(CKB)3710000000056714 035 $a(EBL)3289117 035 $a(SSID)ssj0001037271 035 $a(PQKBManifestationID)11992679 035 $a(PQKBTitleCode)TC0001037271 035 $a(PQKBWorkID)11042472 035 $a(PQKB)10766477 035 $a(CEL)446591 035 $a(OCoLC)863053999 035 $a(CaBNVSL)slc00233370 035 $a(MiAaPQ)EBC3289117 035 $a(MiAaPQ)EBC4672503 035 $a(DE-B1597)497197 035 $a(OCoLC)1078911423 035 $a(DE-B1597)9781442686991 035 $a(OCoLC)864675551 035 $a(MdBmJHUP)musev2_104329 035 $a(EXLCZ)993710000000056714 100 $a20181207d2018 fg 101 0 $aeng 135 $aur|n|---||||| 181 $ctxt 182 $cc 183 $acr 200 10$aPascal the Philosopher $eAn Introduction /$fGraeme Hunter 210 1$aToronto :$cUniversity of Toronto Press,$d[2018] 210 4$dİ2013 215 $a1 online resource (281 p.) 311 08$a1-4426-2835-9 311 08$a1-4426-4142-8 320 $aIncludes bibliographical references and index. 327 $aIntroduction -- 1 Against Philosophy -- 2 Failure and Fall -- 3 His Critics' Critic -- 4 Reluctant Inquirer -- 5 Burdens of Proof -- 6 Measuring Pascal -- Appendix A: The Wager ("Infini rien ") French Text -- Appendix B: The Wager (Infinity nothing") English Translation. 330 $aThis accessibly written book provides the first introduction to Pascal's philosophy as an organic whole. 606 $aPhilosophical theology 615 0$aPhilosophical theology. 676 $a194 700 $aHunter$b Graeme$0783001 701 2$aPascal$b Blaise$f1623-1662.$028760 701 2$aPascal$b Blaise$f1623-1662.$028760 801 0$bDE-B1597 801 1$bDE-B1597 906 $aBOOK 912 $a9910962008103321 996 $aPascal the Philosopher$94421382 997 $aUNINA